[Event "Krakow op-B"]
[Site "Krakow"]
[Date "2006.01.02"]
[Round "7"]
[White "Mucha, Roman"]
[Black "Dalach, Andrzej"]
[Result "1-0"]
[WhiteElo "2071"]
[BlackElo "1942"]
[PlyCount "141"]
[EventDate "2005.12.27"]
[EventType "swiss"]
[EventRounds "9"]
[EventCountry "POL"]
[SourceTitle "CBM 110 Extra"]
[Source "ChessBase"]
[SourceDate "2006.03.10"]
[SourceVersion "2"]
[SourceVersionDate "2006.03.10"]
[SourceQuality "1"]

1. e4 c5 2. c4 Nc6 3. Nc3 g6 4. g3 Bg7 5. Bg2 e6 6. Nge2 Nge7 7. 0-0 0-0 8. d3 d6 9. Be3 Nd4 10. Rb1 Nec6 11. a3 a5 12. f4 Rb8 13. Kh1 Bd7 14. Bf2 Nxe2 15. Nxe2 Nd4 16. Nxd4 cxd4 17. a4 e5 18. b3 Qc8 19. Be1 Ra8 20. Bd2 Bh3 21. f5 Bxg2+ 22. Kxg2 f6 23. h4 Ra7 24. Rf3 Qd8 25. Qh1 g5 26. hxg5 fxg5 27. Qh3 Bf6 28. Rh1 Rf7 29. Qh5 Rg7 30. Qg4 Ra8 31. Rh6 Qe7 32. Rf1 b6 33. Rfh1 Rf8 34. R1h5 Kh8 35. Rh1 Rff7 36. Rg6 Qd7 37. Qh5 Qe7 38. Qg4 Qd7 39. Qf3 Kg8 40. Rxg7+ Rxg7 41. g4 Kh8 42. Rh6 Qe7 43. Qd1 Rg8 44. Qc1 Kg7 45. Qh1 Kh8 46. Qh5 Rg7 47. Qh1 Rg8 48. Bc1 Rg7 49. Ba3 Kg8 50. Qb1 Qf8 51. b4 Rg6 52. fxg6 Qxh6 53. gxh7+ Kxh7 54. bxa5 bxa5 55. Bxd6 Kg6 56. Qf1 Qh8 57. Qf5+ Kh6 58. Qe6 Kh7 59. Qf7+ Kh6 60. Qh5+ Kg7 61. Qxh8+ Kxh8 62. Bc7 Kg7 63. Bxa5 Kf7 64. Kf3 Ke6 65. Ke2 Kd6 66. Bb4+ Kc6 67. Kd2 Kb6 68. Kc2 Bd8 69. Bd6 Bf6 70. Kb3 Ka5 71. Bc7+ 1-0

[Event "Krakow op-B"]
[Site "Krakow"]
[Date "2005.12.29"]
[Round "3"]
[White "Matla, Mateusz"]
[Black "Dalach, Andrzej"]
[Result "0-1"]
[WhiteElo "2022"]
[BlackElo "1942"]
[PlyCount "62"]
[EventDate "2005.12.27"]
[EventType "swiss"]
[EventRounds "9"]
[EventCountry "POL"]
[SourceTitle "CBM 110 Extra"]
[Source "ChessBase"]
[SourceDate "2006.03.10"]
[SourceVersion "2"]
[SourceVersionDate "2006.03.10"]
[SourceQuality "1"]

1. e4 c6 2. d4 d5 3. Nc3 g6 4. e5 h5 5. Bd3 Nh6 6. Nge2 Bg4 7. h3 Bxe2 8. Qxe2 e6 9. g4 h4 10. f4 Qb6 11. Qf2 Be7 12. f5 gxf5 13. gxf5 Nxf5 14. Bxf5 exf5 15. Qxf5 Nd7 16. Ne2 c5 17. Be3 Qxb2 18. 0-0 0-0-0 19. Rab1 Qxa2 20. Qxf7 Qxc2 21. Qxd5 Rhg8+ 22. Kh1 Nb6 23. Qf3 Rdf8 24. Bf4 Qf5 25. dxc5 Rg3 26. Nxg3 Qxh3+ 27. Kg1 Bxc5+ 28. Rf2 Rxf4 29. Qxf4 hxg3 30. Rc1 gxf2+ 31. Qxf2 Qg3+ 0-1

[Event "POL-ch U16"]
[Site "Leba"]
[Date "2004.04.01"]
[Round "7"]
[White "Dalach, Andrzej"]
[Black "Efinowicz, Michal"]
[Result "0-1"]
[WhiteElo "2000"]
[BlackElo "2005"]
[PlyCount "64"]
[EventDate "2004.03.27"]
[EventType "swiss"]
[EventRounds "11"]
[EventCountry "POL"]
[SourceTitle "EXT 2005"]
[Source "ChessBase"]
[SourceDate "2004.11.15"]
[SourceVersion "1"]
[SourceVersionDate "2004.11.15"]
[SourceQuality "1"]

1. e4 d6 2. d4 Nf6 3. Nc3 e5 4. Nf3 Nbd7 5. Bc4 Be7 6. 0-0 0-0 7. Re1 c6 8. a4 Qc7 9. b3 b6 10. d5 cxd5 11. Bxd5 Bb7 12. Nb5 Qb8 13. Bxb7 Qxb7 14. Nxd6 Bxd6 15. Qxd6 Nxe4 16. Qb4 f5 17. Bb2 Rac8 18. Re2 Rfe8 19. Rd1 Rc5 20. Qe1 Rd5 21. c4 Rxd1 22. Qxd1 Qc6 23. Re1 Re6 24. h3 h6 25. Qc2 Qc5 26. Rd1 Rd6 27. Re1 Rd2 28. Nxd2 Qxf2+ 29. Kh2 Qg3+ 30. Kg1 Qxe1+ 31. Nf1 Ng3 32. Qd3 Ne2+ 0-1

[Event "POL-ch U16"]
[Site "Leba"]
[Date "2004.03.29"]
[Round "4"]
[White "Dalach, Andrzej"]
[Black "Pytel, Piotr"]
[Result "0-1"]
[WhiteElo "2000"]
[BlackElo "2000"]
[PlyCount "68"]
[EventDate "2004.03.27"]
[EventType "swiss"]
[EventRounds "11"]
[EventCountry "POL"]
[SourceTitle "EXT 2005"]
[Source "ChessBase"]
[SourceDate "2004.11.15"]
[SourceVersion "1"]
[SourceVersionDate "2004.11.15"]
[SourceQuality "1"]

1. e4 c5 2. Nf3 e6 3. c3 Nf6 4. d3 d6 5. g3 Nc6 6. Bg2 g6 7. 0-0 Bg7 8. Be3 0-0 9. h3 Rb8 10. Nh2 Qc7 11. f4 Nd7 12. Nd2 b5 13. f5 exf5 14. exf5 gxf5 15. Qh5 Nf6 16. Qh4 Ne5 17. Bh6 Ng6 18. Qg5 d5 19. Bxg7 Kxg7 20. Rae1 d4 21. cxd4 cxd4 22. Nb3 h6 23. Qd2 Qxg3 24. Nxd4 f4 25. Ne2 Qe3+ 26. Qxe3 fxe3 27. Ng3 Re8 28. Re2 Bd7 29. Ne4 Nh5 30. Rf3 Nh4 31. Rfxe3 Nf4 32. Rg3+ Kh8 33. Bf1 Nxe2+ 34. Bxe2 f5 0-1

[Event "Golden Rook op"]
[Site "Chotowa"]
[Date "2003.05.10"]
[Round "5"]
[White "Dalach, Andrzej"]
[Black "Tyszkiewicz, Zbigniew"]
[Result "1/2-1/2"]
[WhiteElo "2000"]
[BlackElo "2143"]
[PlyCount "63"]
[EventDate "2003.05.??"]
[EventType "swiss"]
[EventRounds "9"]
[EventCountry "POL"]
[SourceTitle "EXT 2005"]
[Source "ChessBase"]
[SourceDate "2004.11.15"]
[SourceVersion "1"]
[SourceVersionDate "2004.11.15"]
[SourceQuality "1"]

1. e4 c5 2. Nf3 e6 3. c3 d5 4. exd5 Qxd5 5. d4 Bd7 6. Be3 cxd4 7. Bxd4 Nc6 8. Nbd2 Nxd4 9. Nxd4 Nf6 10. Qf3 Bc5 11. Qxd5 Nxd5 12. N2f3 a6 13. Bc4 Nf4 14. 0-0 b5 15. Bb3 Ng6 16. Rfe1 0-0 17. Rad1 Rfd8 18. Bc2 Be8 19. Be4 Rab8 20. g3 Rdc8 21. h4 b4 22. c4 a5 23. b3 Ne7 24. Ne5 g6 25. Bg2 a4 26. Nc2 Rc7 27. Nd3 Nf5 28. Nxc5 Rxc5 29. Rd2 Kf8 30. Red1 Ke7 31. Be4 Ra5 32. h5 1/2-1/2